Canadian Sports Teams Quiz - Statistics

General Stats
  • This quiz has been taken 2,393 times
    770 since last reset
  • The average score is 17 of 38
Answer Stats
Answer % Correct
Toronto Maple Leafs
93%
Toronto Blue Jays
90%
Vancouver Canucks
90%
Edmonton Oilers
89%
Montréal Canadiens
89%
Calgary Flames
87%
Ottawa Senators
86%
Toronto Raptors
85%
Winnipeg Jets
85%
Belleville Senators
78%
Toronto FC
60%
Toronto Argonauts
56%
Saskatchewan Roughriders
52%
Montréal Alouettes
49%
Calgary Stampeders
48%
Vancouver Whitecaps FC
48%
Winnipeg Blue Bombers
48%
B.C. Lions
47%
Hamilton Tiger-Cats
47%
Edmonton Eskimos
46%
Ottawa Redblacks
43%
Montréal Impact
37%
Toronto Marlies
32%
Toronto Rock
32%
Laval Rocket
23%
Manitoba Moose
20%
FC Edmonton
18%
Calgary Roughnecks
10%
Forge FC (Hamilton)
10%
Saskatchewan Rush
9%
York 9 FC (Toronto)
9%
HFX Wanderers FC (Halifax)
8%
Ottawa Fury FC
8%
Pacific FC (Langford, BC)
8%
Cavalry FC (Foothills County, AB)
7%
Valour FC (Winnipeg)
7%
Vancouver Warriors
7%
Toronto FC II
3%
No matching quizzes found
Score Distribution
Percent of People with Each Score
Percentile by Number Answered
Your Score History
You have not taken this quiz since the last reset